000 01074nam a22003137a 4500
001 167
003 FISKH
005 20231204103927.0
008 230301b cb ||||| |||| 00| 0 eng d
022 _a9780590437653
040 _aDLC
_cDLC
_dDLC
_dFISKH
_beng
042 _alcac
043 _an-us---
050 0 0 _aPZ7.S2654
_bMo 1992
082 0 0 _a303
_220
100 1 _aSavin, Marcia.
245 1 4 _aThe moon bridge /
_cMarcia Savin.
260 _aNew York :
_bScholastic Inc.,
_c1992.
300 _a231 p. ;
_c20 cm.
505 _aK
520 _aThe friendship between San Francisco girls Mitzi Fujimoto and Ruthie Fox is changed when World War II begins and Mitzi and her family are forced to go into an internment camp.
521 8 _a610
_bLexile
521 8 _aK
_bRaz-Plus
650 0 _aWorld War, 1939-1945
_zUnited States
_xJuvenile fiction.
650 1 _aJapanese Americans
_xEvacuation and relocation, 1942-1945
_xFiction.
650 1 _aWorld War, 1939-1945
_zUnited States
_xFiction.
906 _a7
_bcbc
_corignew
_d1
_eocip
_f19
_gy-gencatlg
942 _2ddc
_cBK
_n0
999 _c167
_d167